000
00276nam a2200121 a 4500
001
4140
005
20140414132041.0
008
090218s19uu xx 00 eng d
050
_a
BB
_b
H38 2006
100
_a
Nuestra, Jaycee
245
_a
Henny hen's new hat.
999
_c
113848
_d
113848